000 00271nam a22001217a 4500
008 181022b xxu||||| |||| 00| 0 eng d
041 _aeng
080 _23 ed
_a004
100 _a370
101 _aSHK
245 _aDtabase Modeling Design
_cToby.J.T
942 _2udc
_cBK
999 _c50452
_d50452